Geese - Trinidad - Statistics

General Stats
  • This quiz has been taken 10 times
  • The average score is 181 of 238
Answer Stats
Answers % Correct
a
100%
bomb
100%
car
100%
car)
100%
hard
100%
I
100%
in
100%
my
100%
My
100%
so
100%
the
100%
The
100%
There's
100%
(there's
100%
try,
100%
try
100%
daughters
56%
dead
56%
husband's
56%
is
56%
On
56%
on
56%
(on
56%
on)
56%
wife's
56%
and
44%
And
44%
are
44%
drive
44%
shed
44%
son
44%
When
44%
bed
33%
deaf
33%
eyes
33%
lead
33%
away
22%
baked
22%
blind
22%
bread
22%
burning
22%
day
22%
driving
22%
else
22%
fed
22%
For
22%
force
22%
Get
22%
I'm
22%
into
22%
let's
22%
light
22%
me
22%
Or
22%
red
22%
rest
22%
said
22%
They
22%
used
22%
went
22%
asshole,
11%
been
11%
four
11%
half
11%
line
11%
nothing's
11%
stood
11%
'Til
11%
tunrs
0%
No matching quizzes found
Score Distribution
Percent of People with Each Score
Percentile by Number Answered
Your Score History
You have not taken this quiz